Contemporary Japanese architects : Profiles in design

This book explores how architects in Japan have responded to the demands of their times and how they continue to engage with new economic realities and the shifting global order. The moving image of Japanese society is reflected in the work of the architects profiled in this book: from the generatio...

Popoln opis

Shranjeno v:
Bibliografske podrobnosti
Glavni avtor: Tarō, Igarashi
Format: Knjiga
Jezik:Undetermined
Izdano: Tokyo Japan Publishing Industry Foundation for Culture 2018
Teme:
Oznake: Označite
Brez oznak, prvi označite!
Thư viện lưu trữ: Trung tâm Học liệu Trường Đại học Cần Thơ
LEADER 01505nam a2200241Ia 4500
001 CTU_235967
008 210402s9999 xx 000 0 und d
082 |a 720.952 
082 |b T191 
100 |a Tarō, Igarashi, 
245 0 |a Contemporary Japanese architects : 
245 0 |b Profiles in design 
245 0 |c Igarashi Taro ; translated by David Noble 
260 |a Tokyo 
260 |b Japan Publishing Industry Foundation for Culture 
260 |c 2018 
520 |a This book explores how architects in Japan have responded to the demands of their times and how they continue to engage with new economic realities and the shifting global order. The moving image of Japanese society is reflected in the work of the architects profiled in this book: from the generation rising from the ashes of postwar Japan, through the postwar economic boom, to the generation that quietly gathered strength during the recession of the1970s; from the generation that debuted in the bubble economy of the 1980s to the generation that began their work after the Great Hanshin-Awaji Earthquake and the collapse of the bubble economy; and finally, after decades of economic stagnation, to the generation that has come to the fore since the early twenty-first century 
650 |a Kiến trúc,Architecture 
650 |x Lịch sử,History 
650 |y Thế kỷ 20,20th century 
650 |z Nhật Bản,Japan 
910 |a Tuyến 
980 |a Trung tâm Học liệu Trường Đại học Cần Thơ